Abstract Algebra (Record no. 85102)

MARC details
000 -LEADER
fixed length control field 00836nam a22002777a 4500
003 - CONTROL NUMBER IDENTIFIER
control field URS
005 - DATE AND TIME OF LATEST TRANSACTION
control field 20250828100517.0
008 - FIXED-LENGTH DATA ELEMENTS--GENERAL INFORMATION
fixed length control field 250324b ||||| |||| 00| 0 eng d
020 ## - INTERNATIONAL STANDARD BOOK NUMBER
International Standard Book Number 9789714730549
040 ## - CATALOGING SOURCE
Transcribing agency URS
050 ## - LIBRARY OF CONGRESS CALL NUMBER
Classification number QA162
Item number .R277 2017
100 ## - MAIN ENTRY--PERSONAL NAME
9 (RLIN) 11552
Personal name Reis, Clive
245 ## - TITLE STATEMENT
Title Abstract Algebra
Remainder of title Introduction to Groups, Rings, and Fields with Applications
250 ## - EDITION STATEMENT
Edition statement 2nd Edition
264 ## - PRODUCTION, PUBLICATION, DISTRIBUTION, MANUFACTURE, AND COPYRIGHT NOTICE
Place of production, publication, distribution, manufacture Canada
Date of production, publication, distribution, manufacture, or copyright notice ©2017
300 ## - PHYSICAL DESCRIPTION
Extent 555 pages.,:
Dimensions 23 cm.
336 ## - CONTENT TYPE
Source rdacontent
Content type term text
337 ## - MEDIA TYPE
Source rdamedia
Media type term unmediated
338 ## - CARRIER TYPE
Source rdacarrier
Carrier type term volume
650 #0 - SUBJECT ADDED ENTRY--TOPICAL TERM
9 (RLIN) 4917
Topical term or geographic name entry element Algebra, Abstract
General subdivision Textbooks.
650 #0 - SUBJECT ADDED ENTRY--TOPICAL TERM
9 (RLIN) 11553
Topical term or geographic name entry element Group Algebras
General subdivision Textbooks.
650 #0 - SUBJECT ADDED ENTRY--TOPICAL TERM
9 (RLIN) 11554
Topical term or geographic name entry element Rings (Algebra)
General subdivision Textbooks.
650 #0 - SUBJECT ADDED ENTRY--TOPICAL TERM
9 (RLIN) 11555
Topical term or geographic name entry element Algebraic Fields
General subdivision Textbooks.
700 ## - ADDED ENTRY--PERSONAL NAME
9 (RLIN) 11556
Personal name Rankin, Stuart A.
942 ## - ADDED ENTRY ELEMENTS (KOHA)
Source of classification or shelving scheme Library of Congress Classification
Koha item type Reserved Books
Holdings
Withdrawn status Source of classification or shelving scheme Damaged status Not for loan Collection code Home library Current library Date acquired Total Checkouts Full call number Barcode Date last seen Price effective from Koha item type
  Library of Congress Classification     Non-fiction Morong Graduate Library Morong Graduate Library 03/24/2025   QA162 .R277 2017 URSMOR-GL-5678 03/24/2025 03/24/2025 Reserved Books

University of Rizal System
Email us at univlibservices@urs.edu.ph

Visit our Website www.urs.edu.ph/library